000 00347cam a22001337a 4500
008 180718b1977 xxu||||| |||| 00| 0 eng d
082 _aQ45x54 R246
100 _aReddy, V.E.
245 _aOut of school youth
_cby V.E. Reddy and K.S. Bhat
260 _aDelhi
_bSterling
_c1977
300 _a299p.
650 _aYouth - India
700 _aBhat, K.S.
999 _c352289
_d352289